| 000 | 00675nam a22001817a 4500 | ||
|---|---|---|---|
| 003 | UA-OsUOA | ||
| 001 | 11130 | ||
| 007 | ta | ||
| 008 | 20050227b un ||||| |||| 00| 0 ukr d | ||
| 100 | _aБасараба В. | ||
| 942 | _cSA | ||
| 040 |
_aUA-OsUOA _cUA-OsUOA _dUA-OsUOA |
||
| 245 |
_aПовернувся у слові і бронзі _b[Про урочисте відкриття пам'ятника Уласу Самчуку у Рівному з нагоди 100-річчя письм. (20 лют. 2005 р.)] |
||
| 300 | _aС.1, 2 | ||
| 955 | _a0 | ||
| 773 | 0 |
_w0 _tВільне слово _dРівне _d2005 _g№16/23 лют./ |
|
| 650 | 7 |
_aПам'ятники _2UDC |
|
| 999 |
_c297291 _d297291 |
||